Recycled plots - Spider-Man [Tobey Maguire] Quiz: 1 vs 2 - Statistics

General Stats
  • This quiz has been taken 172 times
    5 since last reset
  • The average score is 29 of 48
Answer Stats
# Plot Spider-Man Spider-Man II % Correct
2.1 Harry introduces him to... Dr. Norman Osborn Dr. Otto Octavius
100%
Dr. Otto Octavius
100%
1 The movie starts with Peter trying to manage his life... he's attending {highschool} he's attending {college} and works at a {pizza place}
100%
After {fight}ing Doc Ock
80%
11 In the end Peter rejects MJ. Where/When? After Norman's {funeral} After {fight}ing Doc Ock
80%
2.4 Amidst this venture a device is created. That will become the villain's main weapon. What is it? A {glider} and a suit equipped with several explosives Mechanical {arms}
80%
Aunt May
80%
{blocking} Doc Ock's way when comes back for Peter
80%
Dr. Octopus
80%
2.2 Who is Harry's… Father Business partner
80%
Harry
80%
3 Who is MJ in a (complicated) relationship with? Harry Osborn J. Jonah Jameson III, Jameson's son
80%
6 The villain attacks May at... her {house} the {bank} and takes her hostage
80%
I believe there's a {hero} in all of us…
80%
10.3 In the end, the villain kills himself. How? {impaled} by his own glider {drowns} himself to save the city
80%
Mechanical {arms}
80%
7 Harry puts Peter in danger by telling the villain about Peter's relationship with... MJ Spider-Man
80%
8 At some point, _____ Osborn discovers Spider-Man's identity Norman Harry
80%
12.2 ... at ... Peter's {wrestling} match MJ's {play}
80%
2.5 In the end, due to an accident he becomes... The Green Goblin Dr. Octopus
80%
9.3 The people help Spider-Man by… {throwing} garbage at the Goblin {blocking} Doc Ock's way when comes back for Peter
80%
4.1 When Peter has trouble dealing with his powers. _____ gives him some advice. Uncle Ben before dying Aunt May
80%
4.2 They say... With great {power}, comes great {responsibility} I believe there's a {hero} in all of us…
80%
10.2 The mask comes off. After... a {bomb} from the Green Goblin blows it off Peter's face Peter {takes} {it} {off} to appeal to Octavius
60%
a {train} full of people
60%
9.2 The villain makes Spider-Man choose to save MJ or… a {trolley} full of people a {train} full of people
60%
at the {bank} and takes her hostage
60%
Bank
60%
he's attending {college} and works at a {pizza place}
60%
12.3 He mocks Peter. Tells him... his name, "The {Human} {Spider}", is terrible Miss Watson asked him to come but not to come {late}
60%
J. Jonah Jameson III, Jameson's son
60%
MJ's {play}
60%
5 The villain makes his public debut. Where does he attack? Oscorp's Unity Fair Bank
60%
9.1 The villain and Spider-Man fight once again at the top of … The Roosevelt Bridge a bell tower and a moving train
60%
usher
60%
a bell tower and a moving train
40%
10.1 They have their final battle at an abandoned… building warehouse
40%
Business partner
40%
Octavius' wife
40%
Peter {takes} {it} {off} to appeal to Octavius
40%
Spider-Man
40%
{drowns} himself to save the city
20%
Miss Watson asked him to come but not to come {late}
20%
2.6 Who dies/is killed during the accident? Osborn's assistant Octavius' wife
20%
12.1 Bruce Campbell makes a cameo as the… ring announcer usher
20%
2.3 ... and is involved in scientific breakthrough. What? A formula that would improve {soldiers} capabilities (military field) A sustainable {energy} source
0%
A sustainable {energy} source
0%
warehouse
0%
No matching quizzes found
Score Distribution
Percent of People with Each Score
Percentile by Number Answered
Your Score History
You have not taken this quiz since the last reset